000 00572nam a2200193Ia 4500
005 20250507130224.0
008 008 250505s9999 xx 000 0 eng d
037 _aSeries Article
040 _aEASL
_beng
_cEASL
041 _aeng
_2eng
084 _qEASL
100 _aDiamant Neil
245 0 _aConspicuous sillence: veterans, military families and the depoliticization of war memory in China
260 _aUK
_bCambridge Cambridge University Press UK
_c2011
300 _a431-462
650 _aChina
942 _cSRA
999 _c1318397
_d1318397